| 000 | 02292nam a2200457 a 4500 | ||
|---|---|---|---|
| 001 | 21230 | ||
| 003 | VRT | ||
| 005 | 20260224162833.0 | ||
| 007 | fb a un a | ||
| 008 | 210928s2021 xo ff 000 f slo c | ||
| 020 | _a9788018100332 | ||
| 040 |
_aLESKN _bslo _cLESKN _eAACR2 |
||
| 041 | 0 | _aslo | |
| 044 |
_axo _cSK |
||
| 072 | 7 |
_a821.162.4-3 _xSlovenská próza _2konspekt |
|
| 080 |
_a821.162.4-31 _22011 |
||
| 080 |
_a(0:003.24) _22001 |
||
| 100 | 1 | _aFranka, Michal | |
| 245 | 1 | 0 |
_aNa brehu spieva dav _hBraillovo písmo _cMichal Franka ; [korektor: Stanislava Húsková] |
| 250 | _a[1. vyd. ] | ||
| 260 |
_aLevoča _bSlovenská knižnica pre nevidiacich Mateja Hrebendu _c2021 |
||
| 300 |
_a5 zv. v Braillovom písme _c27 x 32 cm |
||
| 520 | 8 | _aBarbara s úspešnou kariérou a usporiadanou rodinou spácha násilný trestný čin. Úsilie svedka, sociálnych sietí a médií prispieť k jej spravodlivému potrestaniu vedie k dramatickým dôsledkom nielen pre ňu samu, ale aj pre mesto, v ktorom žije. Retrospektívne výpovede viacerých postáv postupne odkrývajú nielen to, čo tragickej potýčke predchádzalo, ale aj to, ako sa na pozadí radikalizujúcej sa spoločenskej nálady menia vzťahy medzi aktérmi súkromných i verejných udalostí. | |
| 655 | 7 |
_apublikácie pre nevidiacich _2SNKPH |
|
| 655 | 7 |
_apublikácie v Braillovom písme _2SNKPH |
|
| 655 | 7 |
_aslovenské romány _2SNKPH |
|
| 700 | 1 |
_aHúsková, Stanislava _4pfr |
|
| 787 | 0 | 8 |
_iPodľa knihy: _tNa brehu spieva dav _dBratislava : Ikar, a.s., 2020 _z978-80-551-7589-8 |
| 910 | _aleskn | ||
| 942 |
_2ddc _cKLDO _n0 |
||
| 949 |
_60174034617 _91 _aleskn13695 _blesknBD2021/27805 |
||
| 949 |
_60174034618 _91 _aleskn13695 _blesknBD2021/27806 _s5720:20220712 |
||
| 949 |
_60174034619 _92 _aleskn13695 _blesknBD2021/27807 |
||
| 949 |
_60174034620 _92 _aleskn13695 _blesknBD2021/27808 _s5720:20220712 |
||
| 949 |
_60174034621 _93 _aleskn13695 _blesknBD2021/27809 |
||
| 949 |
_60174034622 _93 _aleskn13695 _blesknBD2021/27810 _s5720:20220712 |
||
| 949 |
_60174034623 _94 _aleskn13695 _blesknBD2021/27811 |
||
| 949 |
_60174034624 _94 _aleskn13695 _blesknBD2021/27812 _s5720:20220712 |
||
| 949 |
_60174034625 _95 _aleskn13695 _blesknBD2021/27813 |
||
| 949 |
_60174034626 _95 _aleskn13695 _blesknBD2021/27814 _s5720:20220712 |
||
| 999 |
_c21230 _d21230 |
||